[Event "SB-2011-0-00131"]
[Site "LSS email"]
[Date "2011.02.05"]
[Round "?"]
[White "Bascetta, Biagio J"]
[Black "Szoller, Terez"]
[Result "1-0"]
[WhiteElo "1736"]
[BlackElo "1658"]
[PlyCount "53"]
[EventDate "2011.01.04"]
[EventType "tourn (corr)"]
[EventRounds "6"]
[EventCountry "GER"]
[SourceTitle "Telechess CBM 145"]
[Source "Chessbase"]
[SourceDate "2011.11.11"]
[SourceVersion "1"]
[SourceVersionDate "2011.11.11"]
[SourceQuality "1"]

1. e4 c5 2. b4 cxb4 3. a3 bxa3 4. Nxa3 d6 5. Bb2 Nf6 6. Bd3 e5 7. Nf3 Be7 8. 0-0 0-0 9. Bc3 Nbd7 10. Bb4 a5 11. Nb5 Qb6 12. Qe2 Nc5 13. Bxc5 Qxc5 14. Rfb1 Bd7 15. Nc3 Qc7 16. h3 h6 17. Na4 Bxa4 18. Rxa4 Nd7 19. c3 Nc5 20. Ra2 Nxd3 21. Qxd3 Rfc8 22. Rab2 Rab8 23. Rb6 a4 24. Qc2 a3 25. Qa2 d5 26. Qxd5 Rd8 27. Qb3 1-0

[Event "LSS No Engine Cup 22 Final"]
[Site "LSS email"]
[Date "2010.12.12"]
[Round "?"]
[White "Szoller, Terez"]
[Black "Kelemen, Gyorgy"]
[Result "0-1"]
[WhiteElo "1658"]
[BlackElo "1833"]
[PlyCount "76"]
[EventDate "2010.12.13"]
[EventType "tourn (corr)"]
[EventRounds "6"]
[EventCountry "GER"]
[SourceTitle "Telechess CBM 145"]
[Source "Chessbase"]
[SourceDate "2011.11.11"]
[SourceVersion "1"]
[SourceVersionDate "2011.11.11"]
[SourceQuality "1"]

1. e4 c5 2. Nf3 d6 3. d4 cxd4 4. Nxd4 Nf6 5. Nc3 a6 6. Be2 e5 7. Nb3 Be7 8. 0-0 0-0 9. Be3 Be6 10. Qd2 Nbd7 11. a4 Rc8 12. a5 Qc7 13. Rfd1 Nc5 14. Nxc5 dxc5 15. Qe1 Rfd8 16. Rxd8+ Rxd8 17. f3 c4 18. Kh1 Bc5 19. Bxc5 Qxc5 20. Na4 Qe3 21. Nb6 Qc5 22. Ra4 c3 23. bxc3 Nd7 24. Qd2 Qc7 25. Nd5 Bxd5 26. exd5 b5 27. d6 Qc5 28. Ra1 Nf6 29. Rd1 Kf8 30. Bf1 h5 31. c4 b4 32. g3 Kg8 33. Rb1 Qxa5 34. Qxb4 Qxb4 35. Rxb4 Rxd6 36. Rb8+ Kh7 37. Bd3+ g6 38. Rc8 Kg7 0-1

[Event "LSS RC-2010-0-00049"]
[Site "LSS email"]
[Date "2010.08.08"]
[Round "?"]
[White "Laczay, Istvan"]
[Black "Szoller, Terez"]
[Result "1/2-1/2"]
[WhiteElo "1705"]
[BlackElo "1737"]
[PlyCount "65"]
[EventDate "2010.04.25"]
[EventType "tourn (corr)"]
[EventRounds "6"]
[EventCountry "GER"]
[SourceTitle "Telechess CBM 141"]
[Source "ChessBase"]
[SourceDate "2011.03.17"]
[SourceVersion "1"]
[SourceVersionDate "2011.03.17"]
[SourceQuality "1"]

1. d4 Nf6 2. c4 g6 3. Nc3 Bg7 4. e4 d6 5. Nf3 0-0 6. Be2 e5 7. 0-0 Nc6 8. d5 Ne7 9. b4 Nh5 10. Re1 f5 11. Ng5 Nf4 12. Bxf4 exf4 13. Rc1 Bf6 14. Ne6 Bxe6 15. dxe6 Bxc3 16. Rxc3 fxe4 17. Bf1 a5 18. b5 e3 19. fxe3 fxe3 20. Rcxe3 c6 21. bxc6 bxc6 22. c5 d5 23. g3 a4 24. Bh3 Qa5 25. Qd4 Rab8 26. a3 Rb3 27. Rf1 Rxf1+ 28. Bxf1 Rb8 29. g4 Rf8 30. Re2 Qc7 31. Rf2 Rxf2 32. Qxf2 Qe5 33. Qf7+ 1/2-1/2

[Event "LSS SC-2010-0-00068"]
[Site "LSS email"]
[Date "2010.08.08"]
[Round "?"]
[White "Morcin, Tom"]
[Black "Szoller, Terez"]
[Result "1/2-1/2"]
[WhiteElo "1755"]
[BlackElo "1747"]
[PlyCount "59"]
[EventDate "2010.07.21"]
[EventType "tourn (corr)"]
[EventRounds "6"]
[EventCountry "GER"]
[SourceTitle "Telechess CBM 143"]
[Source "ChessBase"]
[SourceDate "2011.07.15"]
[SourceVersion "1"]
[SourceVersionDate "2011.07.15"]
[SourceQuality "1"]

1. e4 c5 2. Nf3 d6 3. d4 cxd4 4. Nxd4 Nf6 5. Nc3 g6 6. Be3 Bg7 7. f3 0-0 8. Qd2 Nc6 9. 0-0-0 Nxd4 10. Bxd4 Be6 11. Kb1 Rc8 12. g4 Nd7 13. Bxg7 Kxg7 14. h4 Qa5 15. g5 Ne5 16. f4 Rxc3 17. Qxc3 Qxa2+ 18. Kc1 Rc8 19. Qd4 Bb3 20. Bd3 Bxc2 21. Kd2 Bxd3 22. fxe5 Rc4 23. Qxd3 Qxb2+ 24. Ke1 b5 25. Rf1 Qxe5 26. Rf2 Rxe4+ 27. Re2 Rxe2+ 28. Qxe2 Qf4 29. Qf2 Qe4+ 30. Kd2 1/2-1/2

[Event "LSS SC-2010-0-00068"]
[Site "LSS email"]
[Date "2010.08.08"]
[Round "?"]
[White "Nicolaescu, Nicolae"]
[Black "Szoller, Terez"]
[Result "0-1"]
[WhiteElo "1525"]
[BlackElo "1658"]
[PlyCount "56"]
[EventDate "2010.07.21"]
[EventType "tourn (corr)"]
[EventRounds "6"]
[EventCountry "GER"]
[SourceTitle "Telechess CBM 145"]
[Source "Chessbase"]
[SourceDate "2011.11.11"]
[SourceVersion "1"]
[SourceVersionDate "2011.11.11"]
[SourceQuality "1"]

1. e4 c5 2. c3 d5 3. exd5 Qxd5 4. d4 Nf6 5. Nf3 e6 6. Be3 cxd4 7. cxd4 Nc6 8. Nc3 Qd6 9. a3 Be7 10. Bd3 0-0 11. 0-0 b6 12. Rc1 Bb7 13. Bb1 Rac8 14. h3 Nd5 15. Ne4 Qd7 16. Neg5 f5 17. h4 h6 18. Nh3 Nxe3 19. fxe3 Bd6 20. Nf4 Bxf4 21. exf4 Qd5 22. Qe2 Nxd4 23. Nxd4 Rxc1 24. Rxc1 Qxd4+ 25. Qf2 Qd5 26. Kh2 Rc8 27. Re1 Rd8 28. b4 Kh8 0-1

[Event "LSS SC-2010-0-00064"]
[Site "LSS email"]
[Date "2010.07.22"]
[Round "?"]
[White "Korostenski, Frank"]
[Black "Szoller, Terez"]
[Result "0-1"]
[WhiteElo "1572"]
[BlackElo "1764"]
[PlyCount "26"]
[EventDate "2010.05.20"]
[EventType "tourn (corr)"]
[EventRounds "6"]
[EventCountry "GER"]
[SourceTitle "Corr 2013"]
[Source "ChessBase"]
[SourceDate "2012.11.12"]
[SourceVersion "1"]
[SourceVersionDate "2012.11.12"]
[SourceQuality "1"]
[WhiteTeam "US of America"]
[BlackTeam "US of America"]
[WhiteTeamCountry "USA"]
[BlackTeamCountry "USA"]

1. e4 e5 2. f4 exf4 3. Nf3 g5 4. Bc4 Bg7 5. h4 h6 6. d4 d6 7. c3 Nc6 8. Na3 g4 9. Bxf4 gxf3 10. Qxf3 Nf6 11. e5 dxe5 12. dxe5 Ng4 13. e6 Nce5 0-1

[Event "LSS No Engine Cup 07 Final"]
[Site "LSS email"]
[Date "2010.06.22"]
[Round "?"]
[White "Murphy, Jones"]
[Black "Szoller, Terez"]
[Result "1-0"]
[WhiteElo "1358"]
[BlackElo "1780"]
[PlyCount "49"]
[EventDate "2010.06.23"]
[EventType "tourn (corr)"]
[EventRounds "6"]
[EventCountry "GER"]
[SourceTitle "Telechess CBM 143"]
[Source "ChessBase"]
[SourceDate "2011.07.15"]
[SourceVersion "1"]
[SourceVersionDate "2011.07.15"]
[SourceQuality "1"]

1. e4 c5 2. Bc4 e6 3. Nc3 Nc6 4. d3 Nf6 5. Bg5 Be7 6. Qd2 h6 7. Bxf6 Bxf6 8. Nge2 0-0 9. 0-0 d6 10. a4 a6 11. f4 Bd7 12. f5 Bg5 13. Qe1 exf5 14. exf5 Nb4 15. Bb3 Bb5 16. axb5 d5 17. bxa6 c4 18. dxc4 dxc4 19. Ba4 Rxa6 20. Rd1 Qa8 21. Ra1 Qd8 22. Kh1 Qe7 23. Nf4 Ra5 24. Qxe7 Bxe7 25. Bb5 1-0

[Event "ZI-2010-0-00731"]
[Site "LSS email"]
[Date "2010.06.03"]
[Round "?"]
[White "Szoller, Terez"]
[Black "Milde, Lars"]
[Result "1/2-1/2"]
[WhiteElo "1749"]
[BlackElo "1859"]
[PlyCount "59"]
[EventDate "2010.05.28"]
[EventType "match (corr)"]
[EventRounds "2"]
[EventCountry "GER"]
[SourceTitle "Telechess CBM 141"]
[Source "ChessBase"]
[SourceDate "2011.03.17"]
[SourceVersion "1"]
[SourceVersionDate "2011.03.17"]
[SourceQuality "1"]

1. Nf3 d5 2. g3 Nf6 3. Bg2 c6 4. 0-0 Bg4 5. d3 Nbd7 6. h3 Bh5 7. c4 dxc4 8. dxc4 e5 9. Nc3 Qc7 10. a3 Be7 11. Be3 0-0 12. g4 Bg6 13. Nh4 Rfd8 14. Nxg6 hxg6 15. Qc2 Nf8 16. Rfd1 Ne6 17. Rxd8+ Rxd8 18. g5 Nh5 19. h4 Nd4 20. Bxd4 exd4 21. Ne4 Nf4 22. Ng3 Bd6 23. Rd1 c5 24. Qe4 Nxg2 25. Kxg2 Bxg3 26. fxg3 Qc8 27. Rf1 Re8 28. Qc2 Qg4 29. Rf3 Qe6 30. Kf2 1/2-1/2

[Event "LSS No Engine Cup 22 Preliminary 1"]
[Site "LSS email"]
[Date "2010.05.19"]
[Round "?"]
[White "Potemri, Stefan"]
[Black "Szoller, Terez"]
[Result "1/2-1/2"]
[WhiteElo "1321"]
[BlackElo "1741"]
[PlyCount "80"]
[EventDate "2010.05.20"]
[EventType "tourn (corr)"]
[EventRounds "6"]
[EventCountry "GER"]
[SourceTitle "Telechess CBM 141"]
[Source "ChessBase"]
[SourceDate "2011.03.17"]
[SourceVersion "1"]
[SourceVersionDate "2011.03.17"]
[SourceQuality "1"]

1. e4 d5 2. exd5 Qxd5 3. Nc3 Qa5 4. Nf3 Nf6 5. Bc4 Nc6 6. 0-0 Bg4 7. h3 Bxf3 8. Qxf3 e6 9. Bb5 Qb6 10. d3 0-0-0 11. Bxc6 Qxc6 12. Qxc6 bxc6 13. a3 Nd5 14. Bd2 Be7 15. Rfe1 Bf6 16. Rab1 Nxc3 17. bxc3 Kd7 18. Rb7 Rb8 19. Reb1 Rxb7 20. Rxb7 a6 21. Kf1 c5 22. c4 Kc6 23. Rb1 g5 24. Ke2 h5 25. Kf3 Rg8 26. g4 Rh8 27. a4 hxg4+ 28. hxg4 Rh3+ 29. Ke2 Rh8 30. c3 Be7 31. Be3 f5 32. Rg1 f4 33. Bd2 Rb8 34. Rh1 Rb2 35. Ra1 Bf6 36. Kd1 Kd6 37. Kc1 Rb8 38. f3 Rh8 39. Kc2 Rh2 40. Rf1 Kd7 1/2-1/2

[Event "LSS BI-2010-P-00029"]
[Site "LSS email"]
[Date "2010.04.19"]
[Round "?"]
[White "Szoller, Terez"]
[Black "Wolff, Christoph"]
[Result "1/2-1/2"]
[WhiteElo "1761"]
[BlackElo "2081"]
[PlyCount "87"]
[EventDate "2010.04.22"]
[EventType "tourn (corr)"]
[EventRounds "10"]
[EventCountry "GER"]
[SourceTitle "Telechess CBM 141"]
[Source "ChessBase"]
[SourceDate "2011.03.17"]
[SourceVersion "1"]
[SourceVersionDate "2011.03.17"]
[SourceQuality "1"]

1. e4 c5 2. Nf3 e6 3. d4 cxd4 4. Nxd4 Nf6 5. Nc3 d6 6. Be2 a6 7. 0-0 Qc7 8. f4 Be7 9. a4 Nc6 10. Be3 0-0 11. Kh1 Re8 12. f5 Ne5 13. fxe6 fxe6 14. a5 Bd7 15. Nf3 Nc4 16. Bxc4 Qxc4 17. e5 Nd5 18. Nxd5 exd5 19. b3 Qe4 20. Bg5 Bxg5 21. Nxg5 Qxe5 22. Qh5 h6 23. Qf7+ Kh8 24. Qxd7 Qxg5 25. Qxb7 Qd2 26. h3 Qxc2 27. Rad1 Kh7 28. Qxd5 Rab8 29. Rd2 Qxb3 30. Qf5+ Kg8 31. Rxd6 Rf8 32. Qe6+ Qxe6 33. Rxf8+ Rxf8 34. Rxe6 Rf6 35. Rxf6 gxf6 36. Kh2 Kf7 37. Kg3 f5 38. Kf4 Kf6 39. g3 Ke6 40. g4 fxg4 41. Kxg4 Kf6 42. Kf4 Kg6 43. Ke5 Kg5 44. Kd5 1/2-1/2

[Event "LSS BI-2010-P-00029"]
[Site "LSS email"]
[Date "2010.04.19"]
[Round "?"]
[White "Szoller, Terez"]
[Black "Zielinski, Sergej"]
[Result "1/2-1/2"]
[WhiteElo "1736"]
[BlackElo "2104"]
[PlyCount "57"]
[EventDate "2010.04.22"]
[EventType "tourn (corr)"]
[EventRounds "10"]
[EventCountry "GER"]
[SourceTitle "Telechess CBM 141"]
[Source "ChessBase"]
[SourceDate "2011.03.17"]
[SourceVersion "1"]
[SourceVersionDate "2011.03.17"]
[SourceQuality "1"]

1. e4 e5 2. Nf3 Nc6 3. d4 exd4 4. Nxd4 Bc5 5. Be3 Qf6 6. c3 Nge7 7. Bc4 Ne5 8. Be2 Qg6 9. 0-0 d6 10. f3 0-0 11. Kh1 d5 12. Nd2 dxe4 13. fxe4 Bg4 14. Bf4 Bd6 15. Bxg4 Nxg4 16. Bxd6 cxd6 17. Nf5 Nxf5 18. exf5 Qg5 19. Ne4 Qh4 20. Qxd6 Nxh2 21. Qxh2 Qxe4 22. Rae1 Qd5 23. f6 Rfe8 24. Rd1 Qb5 25. Qf4 Qh5+ 26. Kg1 Re2 27. b4 Rae8 28. fxg7 Rxg2+ 29. Kxg2 1/2-1/2

[Event "LSS BI-2009-F-00003"]
[Site "LSS email"]
[Date "2010.02.15"]
[Round "?"]
[White "Krueger, Hilmar"]
[Black "Szoller, Terez"]
[Result "1-0"]
[WhiteElo "2221"]
[BlackElo "1737"]
[PlyCount "109"]
[EventDate "2010.02.17"]
[EventType "tourn (corr)"]
[EventRounds "10"]
[EventCountry "GER"]
[SourceTitle "Telechess CBM 141"]
[Source "ChessBase"]
[SourceDate "2011.03.17"]
[SourceVersion "1"]
[SourceVersionDate "2011.03.17"]
[SourceQuality "1"]

1. e4 c5 2. Nf3 d6 3. d4 cxd4 4. Nxd4 Nf6 5. Nc3 a6 6. f3 e6 7. Be3 b5 8. g4 h6 9. Qd2 Nbd7 10. 0-0-0 Bb7 11. h4 b4 12. Na4 Qa5 13. b3 d5 14. e5 Nxe5 15. Nxe6 d4 16. Nxd4 0-0-0 17. Bg2 Bc5 18. Qe2 Nd5 19. f4 Nxe3 20. Bxb7+ Kxb7 21. Qxe3 Nc6 22. Nxc5+ Qxc5 23. Nf5 Qxe3+ 24. Nxe3 Nd4 25. Rd2 Nf3 26. Rxd8 Rxd8 27. Nf5 Nd4 28. Nxg7 Rg8 29. Nf5 Nxf5 30. gxf5 Rg4 31. Re1 Rxh4 32. Re7+ Kc8 33. Rxf7 Rxf4 34. Kd2 Rf2+ 35. Ke3 Rxc2 36. Ra7 Kd8 37. Rxa6 h5 38. Kf4 Rg2 39. Ke5 Re2+ 40. Kd6 Rd2+ 41. Ke6 h4 42. Ra8+ Kc7 43. f6 h3 44. f7 Re2+ 45. Kd5 h2 46. Rh8 Rf2 47. Rxh2 Rxf7 48. Kc5 Rf4 49. Rc2 Kd7 50. Rc4 Rf2 51. Kxb4 Rxa2 52. Kb5 Ra8 53. b4 Kd6 54. Kb6 Kd5 55. Rh4 1-0

[Event "LSS BI-2009-F-00003"]
[Site "LSS email"]
[Date "2010.02.15"]
[Round "?"]
[White "Szoller, Terez"]
[Black "Delgado, Raul Alejandro"]
[Result "1/2-1/2"]
[WhiteElo "1780"]
[BlackElo "2103"]
[PlyCount "96"]
[EventDate "2010.02.17"]
[EventType "tourn (corr)"]
[EventRounds "10"]
[EventCountry "GER"]
[SourceTitle "Telechess CBM 141"]
[Source "ChessBase"]
[SourceDate "2011.03.17"]
[SourceVersion "1"]
[SourceVersionDate "2011.03.17"]
[SourceQuality "1"]

1. e4 c6 2. d4 d5 3. Nc3 dxe4 4. Nxe4 Nd7 5. Bc4 Ngf6 6. Ng5 e6 7. Qe2 Nb6 8. Bd3 h6 9. N5f3 c5 10. dxc5 Bxc5 11. Ne5 0-0 12. Ngf3 Nfd7 13. 0-0 Nxe5 14. Qxe5 Bd6 15. Qe4 f5 16. Qd4 Qc7 17. Re1 Rd8 18. Qh4 e5 19. Rxe5 Bxe5 20. Nxe5 Re8 21. Nf3 Qe7 22. Qxe7 Rxe7 23. b3 Bd7 24. Ba3 Ree8 25. Nh4 a5 26. Bc5 Nd5 27. Bc4 Be6 28. Bxd5 Bxd5 29. Nxf5 Re5 30. Ne7+ Kf7 31. Nxd5 Rxd5 32. Be3 Rad8 33. Re1 b5 34. Kf1 Rc8 35. Rc1 b4 36. Ke2 Rd6 37. h3 Rg6 38. g3 Rgc6 39. Kd2 Rd8+ 40. Ke2 g5 41. Bd2 Rdc8 42. Kd3 Re6 43. Be3 Rc3+ 44. Kd2 Kg6 45. Ke2 Kf5 46. a3 Re7 47. axb4 axb4 48. Kf3 Rf7 1/2-1/2

[Event "ZI-2010-0-00633"]
[Site "LSS email"]
[Date "2010.01.30"]
[Round "?"]
[White "Cardoso Garcia, Sergio"]
[Black "Szoller, Terez"]
[Result "1-0"]
[WhiteElo "1910"]
[BlackElo "1756"]
[PlyCount "99"]
[EventDate "2010.01.21"]
[EventType "match (corr)"]
[EventRounds "2"]
[EventCountry "GER"]
[SourceTitle "Telechess CBM 141"]
[Source "ChessBase"]
[SourceDate "2011.03.17"]
[SourceVersion "1"]
[SourceVersionDate "2011.03.17"]
[SourceQuality "1"]

1. c4 Nf6 2. Nc3 e5 3. Nf3 Nc6 4. e3 Bb4 5. Nd5 e4 6. Nxb4 Nxb4 7. Nd4 c5 8. Nc2 Nd3+ 9. Bxd3 exd3 10. Na3 d5 11. 0-0 0-0 12. b3 Be6 13. Bb2 Qe7 14. Rc1 Rfd8 15. Bxf6 Qxf6 16. cxd5 Rxd5 17. f4 a6 18. Qf3 Rdd8 19. Qxb7 Qb2 20. Nb1 Qxa2 21. f5 Bd5 22. Qe7 Qb2 23. f6 gxf6 24. Rc3 Rdc8 25. Rxd3 Re8 26. Qxc5 Be4 27. Qd4 Qxd4 28. Rxd4 Rad8 29. Rxd8 Rxd8 30. d4 Rc8 31. Nd2 Bd3 32. Ra1 Rc2 33. Nc4 Be4 34. g3 Rg2+ 35. Kf1 Rxh2 36. Rxa6 Kg7 37. Ra7 Kg6 38. Ra5 Rc2 39. Ke1 Bd3 40. Kd1 Rg2 41. d5 Bc2+ 42. Ke1 Bxb3 43. Nd2 Bxd5 44. Rxd5 Rxg3 45. Kf2 Rg4 46. Rd4 f5 47. Nf3 Re4 48. Rxe4 fxe4 49. Nd4 Kf6 50. Kg3 1-0

[Event "LSS SC-2009-0-00051"]
[Site "LSS email"]
[Date "2010.01.30"]
[Round "?"]
[White "Szoller, Terez"]
[Black "Rossetti, Mario"]
[Result "1/2-1/2"]
[WhiteElo "1715"]
[BlackElo "1651"]
[PlyCount "122"]
[EventDate "2009.11.29"]
[EventType "tourn (corr)"]
[EventRounds "6"]
[EventCountry "GER"]
[SourceTitle "Telechess CBM 141"]
[Source "ChessBase"]
[SourceDate "2011.03.17"]
[SourceVersion "1"]
[SourceVersionDate "2011.03.17"]
[SourceQuality "1"]

1. e4 e5 2. Nf3 Nc6 3. Bb5 Nge7 4. 0-0 a6 5. Ba4 g6 6. c3 Bg7 7. d4 exd4 8. cxd4 0-0 9. d5 Na5 10. Nc3 d6 11. Bc2 Re8 12. h3 b5 13. Rb1 Bd7 14. Bg5 Nc4 15. Qd3 b4 16. Qxc4 bxc3 17. bxc3 Bb5 18. Rxb5 axb5 19. Qxb5 Bxc3 20. Rb1 Ra5 21. Qc4 Bg7 22. Ba4 Rf8 23. Bb5 h6 24. Bd2 Ra3 25. Bb4 Ra7 26. a4 Qb8 27. Nd2 g5 28. Nf3 Qb7 29. Bd2 Rfa8 30. Rc1 Qb8 31. Be3 Rb7 32. Nd4 Bxd4 33. Qxd4 Qf8 34. Qf6 Rab8 35. h4 Ng6 36. hxg5 hxg5 37. Bxg5 Qg7 38. Rc3 Qxf6 39. Bxf6 Kf8 40. Rh3 Ra8 41. f4 Rab8 42. f5 Ne7 43. Rh8+ Ng8 44. g4 Rxb5 45. axb5 Rxb5 46. Kg2 Rc5 47. g5 c6 48. dxc6 Rxc6 49. Bd8 Kg7 50. Rh4 Rc8 51. Bb6 Rc4 52. f6+ Kg6 53. Be3 Rb4 54. Kf3 d5 55. Rh8 dxe4+ 56. Kf4 Rb8 57. Rh1 Re8 58. Bd4 Rd8 59. Rh8 Ra8 60. Bb6 Re8 61. Rh2 Rb8 1/2-1/2

[Event "LSS RC-2009-0-00033"]
[Site "LSS email"]
[Date "2009.12.07"]
[Round "?"]
[White "Van Esbroeck, Jeff"]
[Black "Szoller, Terez"]
[Result "1-0"]
[WhiteElo "1712"]
[BlackElo "1751"]
[PlyCount "51"]
[EventDate "2009.07.17"]
[EventType "tourn (corr)"]
[EventRounds "6"]
[EventCountry "GER"]
[SourceTitle "Corr 2013"]
[Source "ChessBase"]
[SourceDate "2012.11.12"]
[SourceVersion "1"]
[SourceVersionDate "2012.11.12"]
[SourceQuality "1"]

1. e4 c6 2. d4 d5 3. e5 Bf5 4. Nf3 e6 5. Bd3 Ne7 6. Nc3 Bxd3 7. Qxd3 Nf5 8. Bg5 Be7 9. h4 h5 10. 0-0-0 Nd7 11. Ne2 Nb6 12. b3 a5 13. a4 0-0 14. Kb1 Qd7 15. Bxe7 Qxe7 16. Ng5 g6 17. f3 c5 18. g4 c4 19. Qd2 Ng7 20. Ka2 Rfc8 21. Nc3 Rc6 22. Nb5 c3 23. Qc1 Qb4 24. Qa3 Nd7 25. Rde1 Rf8 26. Re3 1-0